1.FC Köln Squad 2017-2018 - Statistics

General Stats
  • This quiz has been taken 9 times
  • The average score is 24 of 31
Answer Stats
# Position Nation Player % Correct
23 DF Germany Jannes Horn
100%
15 FW Colombia Jhon Córdoba
100%
14 DF Germany Jonas Hector
100%
22 DF Spain Jorge Meré
100%
20 MF Turkey Salih Özcan
100%
19 FW Guinea Serhou Guirassy
100%
1 GK Germany Timo Horn
100%
4 DF Denmark Frederik Sørensen
89%
41 MF France Vincent Koziello
89%
39 FW Peru Claudio Pizarro
78%
34 DF Russia Konstantin Rausch
78%
6 MF Germany Marco Höger
78%
33 MF Germany Matthias Lehmann
78%
8 MF Serbia Miloš Jojić
78%
11 FW Germany Simon Zoller
78%
18 GK Germany Thomas Kessler
78%
13 FW Japan Yūya Ōsako
78%
3 DF Germany Dominique Heintz
67%
25 DF Portugal João Queirós
67%
24 DF Germany Lukas Klünter
67%
7 FW Germany Marcel Risse
67%
38 MF Denmark Nikolas Nartey
67%
16 DF Poland Paweł Olkowski
67%
9 FW Germany Simon Terodde
67%
- Coach Germany Stefan Ruthenbeck
67%
35 GK Germany Sven Müller
67%
17 FW Germany Christian Clemens
56%
5 DF Slovenia Dominic Maroh
56%
21 FW Germany Leonardo Bittencourt
56%
29 DF Germany Tim Handwerker
56%
26 MF Germany Chris Führich
33%
No matching quizzes found
Score Distribution
Percent of People with Each Score
Percentile by Number Answered
Your Score History
You have not taken this quiz